| 000 | 00450 a2200157 4500 | ||
|---|---|---|---|
| 003 | OSt | ||
| 005 | 20240905125016.0 | ||
| 008 | 231019b |||||||| |||| 00| 0 eng d | ||
| 040 | _coclc | ||
| 082 |
_a297 _bMUR/K |
||
| 100 |
_aMurad,Musthafa _910502 |
||
| 245 |
_aKAIF THAHFAZ QURAAN / _cDr. Musthafa Murad |
||
| 260 |
_aMorocco: _bHouse Of Knowledge, _c2013. |
||
| 300 | _a184 p. ; | ||
| 942 |
_2ddc _cBK _h297 _iMUR/K _k297 _mMUR/K |
||
| 999 |
_c42656 _d42656 |
||